Statistiche per Guerre per immagini

Clicka qui per fare il quiz!

Statistiche generali

  • Questo quiz è stato fatto 108 volte
  • Il punteggio medio è 6 su 12

Statistiche sulle risposte

Risposta% Corretto
Guerra in Afghanistan
74%
Seconda guerra mondiale
73%
Guerra del Vietnam
72%
Prima guerra mondiale
66%
Seconda guerra del golfo
56%
Guerre napoleoniche
52%
Guerre puniche
49%
Guerra di secessione americana
44%
Guerra di Corea
41%
Guerra civile spagnola
31%
Guerra civile inglese
9%
Guerra delle Falkland
9%

Distribuzione punteggi

Percentile per numero di risposta

Percentuale di utenti per punteggio

I tuoi punteggi nel tempo

Non hai fatto questo quiz